000 00487nam a2200169Ia 4500
003 IN-BaIIA
008 211028s9999 xx 000 0 eng d
040 _cIIA Library
080 _a530.1
_bATK
100 _aAtkinson, E.
_91753
245 0 _aElementary treatise on physics
_cE . Atkinson
260 _aLondon
_bLongmans, Green
_c1881
300 _axi, 972p.
650 _aExperimental physics
_91754
650 _aPhysics
_973
942 _cBK
999 _c819
_d819